Manchester City - Tous les joueurs de 2010 à 2025 - Statistiques

Statistiques générales
  • Ce quiz a été pris 1 863 fois
    550 depuis la dernière actualisation
  • Le résultat moyen est 56 sur 153
Statistiques - réponses
Saisons Nationalités Joueur Nombre
De Matchs
Poste % Correct
2015 - 2025 Belgique KevinDe Bruyne 421 M
99%
2017 - Portugal BernardoSilva 403 M
97%
2017 - 2025 Brésil Ederson 368 G
97%
2022 - Norvège ErlingHaaland 141 A
97%
2010 - 2020 Espagne DavidSilva 436 M
96%
2011 - 2021 Argentine SergioAguero 390 A
95%
2016 - 20232024 - 2025 Allemagne IlkayGundogan 353 M
93%
2017 - Angleterre PhilFoden 314 A
93%
2010 - 2018 CoteD'ivoire YayaTouré 316 M
93%
2019 - Espagne Rodri 260 M
92%
2018 - 2023 Algérie RiyadMahrez 236 A
90%
2016 - Angleterre JohnStones 276 D
89%
2020 - Portugal RubenDias 218 D
89%
2013 - 2022 Brésil Fernandinho 383 M
88%
2009 - 2013 CoteD'ivoire KoloTouré 102 D
88%
2008 - 2019 Belgique VincentKompany 360 D
87%
2015 - 2022 Angleterre RaheemSterling 339 A
86%
2017 - 2025 Angleterre KyleWalker 319 D
85%
2020 - Pays - Bas NathanAké 142 D
85%
2006 - 20092010 - 2016 Angleterre JoeHart 348 G
83%
2010 - 2015 Bosnie EdinDzeko 189 A
80%
2022 - 2025 Suisse ManuelAkanji 132 D
80%
2023 - Belgique JérémyDoku 83 A
79%
2023 - Croatie MateoKovacic 88 M
79%
2016 - 2022 Brésil GabrielJesus 236 A
78%
2023 - Croatie JoskoGvardiol 95 D
76%
2017 - 2022 Ukraine OleksandrZinchenko 128 D
76%
2021 - 2025 Angleterre JackGrealish 146 A
75%
2019 - 2023 Portugal JoaoCancelo 154 D
74%
2011 - 2017 France GaelClichy 203 D
73%
2024 - Egypte OmarMarmoush 22 A
72%
2011 - 2016 France SamirNasri 176 M
72%
2010 - 2013 Italie MarioBalotelli 80 A
71%
2015 - 2020 Argentine NicolasOtamendi 210 D
70%
2017 - 2023 Espagne AymericLaporte 179 D
68%
2022 - 2024 Argentine JulianAlvarez 103 A
68%
2010 - 2017 Serbie AleksandarKolarov 247 D
67%
2014 - 2017 France BacarySagna 86 D
67%
2024 - Brésil Savinho 45 A
67%
2016 - 2020 Allemagne LeroySané 135 A
66%
2008 - 2017 Argentine PabloZabaleta 333 D
65%
2016 - 2020 Chili ClaudioBravo 61 G
64%
2017 - 2022 France BenjaminMendy 75 D
63%
2014 - 2017 Brésil Fernando 102 M
60%
2008 - 20092010 - 2011 Brésil Jo 42 A
60%
2022 - Allemagne StefanOrtega 55 G
60%
2009 - 2013 Argentine CarlosTevez 148 A
57%
2020 - 2023 Angleterre ColePalmer 38 M
57%
2022 - Angleterre RicoLewis 93 D
57%
2023 - Norvège OscarBobb 30 A
55%
2024 - Ouzkbékistan AbdukodirKhusanov 9 D
53%
2014 - 20162017 - 2019 France EliaquimMangala 79 D
53%
2009 - 2011 Togo EmmanuelAdebayor 45 A
53%
2023 - Portugal MatheusNunes 70 D/M
49%
2020 - 2022 Espagne FerranTorres 43 A
48%
2010 - 2015 Angleterre JamesMilner 203 M
46%
2013 - 2017 Espagne JesusNavas 183 D/M
45%
2013 - 2015 Monténégro StevanJovetic 44 A
44%
2014 - 2015 Angleterre FrankLampard 38 M
43%
2014 - 2017 Argentine WillyCaballero 48 G
43%
2013 - 2016 Argentine MartinDemichelis 106 D
42%
1999 - 20052008 - 2011 Angleterre ShaunWright - Phillips 274 A
39%
2017 - 2019 Brésil Danilo 60 D
38%
2022 - 2024 Angleterre KalvinPhillips 31 M
38%
2014 - 2016 CoteD'ivoire WilfriedBony 46 A
38%
2008 - 2012 Pays - Bas NigelDe Jong 137 M
37%
2009 - 2014 Angleterre JoleonLescott 160 D
36%
2024 - Espagne NicoGonzalez 16 M
36%
2018 - 2021 Espagne EricGarcia 35 D
33%
2015 - 2017 Nigéria KelechiIheanacho 64 A
33%
2015 - 2017 Espagne AleixGarcia 9 M
32%
2012 - 2014 Espagne JaviGarcia 76 M
32%
2015 - 2016 Espagne ManuGarcia 4 M
32%
2016 - 2017 Espagne Nolito 30 A
32%
2013 - 2014 Espagne AlvaroNegredo 49 A
31%
2019 - 2025 Angleterre ScottCarson 2 G
31%
2009 - 2013 Angleterre GarethBarry 175 M
30%
2005 - 2014 Angleterre MicahRichards 245 D
29%
2016 - 2019 Espagne BrahimDiaz 15 A
27%
2009 - 2011 France PatrickVieira 46 M
27%
2015 - 2019 Angleterre FabianDelph 89 M
26%
2024 - Angleterre NicoO'Reilly 19 M
26%
2021 - 20222024 - 2025 Angleterre JamesMcAtee 33 M
24%
2011 - 2012 Monténégro StefanSavic 21 D
23%
2010 - 2011 Allemagne JeromeBoateng 24 D
22%
2022 - 2024 Espagne SergiGomez 38 D
22%
2020 - 2022 États - Unis ZackSteffen 21 G
21%
2015 - 20172019 - 2020 Espagne Angelino 15 D
20%
2012 - 2015 Serbie MatijaNastasic 51 D
20%
2024 - 2025 Brésil VitorReis 3 D
18%
2009 - 20112013 - 2015 Belgique DedryckBoyata 35 D
16%
2018 - 20192020 - 2021 France ClaudioGomes 3 M
15%
2023 - 2025 Angleterre JacobWright 4 M
15%
2010 - 2011 Angleterre JavanVidal 1 D
13%
2009 - 2012 Angleterre AdamJohnson 97 A
12%
2011 - 2014 Roumanie CostelPantilimon 29 G
12%
2020 - 2022 Angleterre LiamDelap 6 A
12%
2009 - 2011 Paraguay RoqueSanta Cruz 24 A
12%
2024 - 2025 Argentine ClaudioEcheverri 2 M
11%
2018 - 2019 Kosovo ArijanetMuric 5 G
10%
2021 - 2022 Belgique RoméoLavia 2 M
10%
2008 - 2011 Irlande ShayGiven 69 G
10%
2012 - 2014 Portugal Rony Lopes 5 A
8%
2012 - 2014 Angleterre JackRodwell 25 M
7%
2010 - 2011 Suède JohnGuidetti 1 A
7%
2008 - 2012 Angleterre WayneBridge 58 D
7%
2021 - 2022 Angleterre CjEgan - Riley 2 D
6%
2011 - 2012 Chili DavidPizarro 7 M
6%
2018 - 2021 Allemagne FelixNmecha 3 M
6%
2021 - 20222024 - 2025 Angleterre JoshWilson - Esbrand 3 D
6%
2017 - 2018 Allemagne LukasNmecha 3 A
6%
2022 - 2024 Argentine MaximoPerrone 2 M
6%
2023 - 2024 Angleterre MicahHamilton 3 A
6%
2015 - 2016 Kosovo BersantCelina 4 M
5%
2024 - 2025 Angleterre JahmaiSimpson - Pusey 6 D
5%
2012 - 2013 Brésil Maicon 13 D
5%
2012 - 20132014 - 2015 Angleterre ScottSinclair 19 A
5%
2019 - 2021 Angleterre TaylorHarwood - Bellis 8 D
5%
2019 - 2021 Angleterre TommyDoyle 7 M
5%
2015 - 2018 Angleterre TosinAdarabioyo 8 D
5%
2011 - 2013 Pays - Bas KarimRekik 3 D
4%
2010 - 2013 CoteD'ivoire AbdulRazak 10 M
3%
2018 - 2021 Espagne AdrianBernabé 5 M
3%
2014 - 2015 Argentine BrunoZuculini 1 M
3%
2011 - 2013 Espagne DenisSuarez 2 M
3%
2024 - 2025 Angleterre DivinMubama 2 A
3%
2021 - 2022 Brésil Kayky 2 A
3%
2011 - 2012 Angleterre OwenHargreaves 4 M
3%
2016 - 2017 Espagne PabloMaffeo 3 D
3%
2015 - 2016 Angleterre PatrickRoberts 3 A
3%
2018 - 2019 Pays - Bas PhilippeSandler 2 D
3%
2009 - 2011 Norvège AbdisalamIbrahim 3 M
2%
2009 - 2011 Libéria AlexNimely 2 A
2%
2015 - 2016 Angleterre GeorgeEvans 1 M
2%
2014 - 2015 Espagne JoséPozo 4 M
2%
2021 - 2022 Angleterre LukeMbete 3 D
2%
2004 - 2010 2011 - 2012 Angleterre NedumOnuoha 116 D
2%
2021 - 2024 Angleterre BenKnight 1 A
1%
2010 - 2011 Angleterre BenMee 1 D
1%
2015 - 2016 Angleterre CameronHumphreys 2 D
1%
2015 - 2016 France DavidFaupala 1 A
1%
2013 - 2014 Pays De Galles EmyrHuws 1 M
1%
2009 - 2011 Irlande GregCunningham 5 D
1%
2018 - 2019 Colombie IanPoveda 1 A
1%
2012 - 2013 France JérémyHélan 1 M
1%
2011 - 2012 Italie LucaScapuzzi 2 A
1%
2023 - 2024 Espagne MamadouSusoho 1 M
1%
2010 - 2011 Angleterre ReeceWabara 1 D
1%
2021 - 2022 Angleterre SamuelEdozie 1 A
1%
2017 - 2018 Nigéria TomDele - Bashiru 1 M
1%
2015 - 2016 Angleterre BrandonBaker 1 A
0%
2021 - 2024 Angleterre FinleyBurns 1 D
0%
2010 - 2011 Angleterre RyanMcGivern 1 D
0%
Aucun quiz correspondant
Distribution des résultats
% des personnes avec chaque résultat
Percentile par nombre de réponses
Votre historique - résultats
Vous n’avez pas pris ce quiz depuis la dernière actualisation